Statistiques concernant Pays d'Amérique du sud et nord de A à L.

Cliquez ici pour prendre le quiz!

Statistiques générales

  • Ce quiz a été pris 251 fois
    (242 depuis la dernière actualisation)
  • Le résultat moyen est 14 sur 21

Statistiques - réponses

Réponse% Correct
Brésil
88%
Argentine
87%
Canada
85%
États-Unis / USA
83%
Chili
81%
Colombie
78%
Bolivie
76%
Cuba
73%
Équateur
70%
Costa Rica
69%
Honduras
67%
Guatemala
66%
Guyana
66%
Haïti
63%
Jamaïque
61%
Antigua-et-Barbuda
60%
Belize
60%
Barbade
57%
Dominique
55%
Bahamas
54%
Grenade
46%

Distribution des résultats

Percentile par nombre de réponses

% des personnes avec chaque résultat

Votre développement - résultats

Vous n’avez pas pris ce quiz depuis la dernière actualisation